01363nam a2200337 a 450000100100000000500170001000800410002702000150006802000150008304000250009804100390012308200170016210000270017924000410020624502020024726000330044930000300048249000230051250000530053550400320058853400500062065000220067070000420069270000390073470000330077370000420080683000300084804900090087895201210088799900170100800002338620250304113420.0101206s1982 sp a 001 0 spa d a8432047252 a388472004x aDO-SdBNPbspacBNPHU17aspahger2Código de idiomas MARC a590.9bW473d1 aWendt, Herbert.94817010aDie entdeckung der tiere.lEspañol13aEl descubrimiento de los animales :bde la leyenda del unicornio hasta la etología /cHerbert Wendt ; prefacio Bernhard Grzimek ; introducción Armin Geus ; traducción Alfonsina Janés Nadal. aBarcelona :bPlaneta,c1982. a[323] p. :bil. ;c23 cm.1 aAl filo del tiempo aIncluye índice de ilustraciones y analítico. aBibliografía : 303-307 p. aTítulo original :tDie entdeckung der tiere 0aZoología9481711 aJanés Nadal, Alfonsina,etr.9481721 aGrzimek, Bernhard,epról.9481731 aGeus, Armin,eintrod.9481741 aJanés Nadal, Alfonsina,etr.948172 0aAl filo del tiempo948175 aBNGR 001054708MOaGRbGRcCTd2010-12-06iLF1l0o590.9 W473dp23386-10r2020-06-25w2020-06-25y4ZPréstamo en sala c22883d22883